| 000 | 00763nam a22002657a 4500 | ||
|---|---|---|---|
| 999 |
_c6709 _d6709 |
||
| 001 | 6709 | ||
| 003 | BD-JhCC | ||
| 005 | 20180128165750.0 | ||
| 008 | 500101s1955 enka 000 0 eng d | ||
| 035 | _a(BD-JhCC)6709 | ||
| 040 |
_aDLC _cORL _dOCL _dUKM _dEQO _dBD-JhCC |
||
| 041 | _aeng | ||
| 050 | 0 |
_aGR149 _b.J6 |
|
| 082 |
_a398.2 _bJON 1955 |
||
| 100 | 1 |
_aJones, Gwyn, _d1907-1999. |
|
| 245 | 1 | 0 |
_aWelsh legends and folk-tales / _cRetold by Gwyn Jones. Illustrated by Joan Kiddell-Monroe |
| 260 |
_a[London] : _bOxford University Press, _c1955. |
||
| 300 |
_a230 p. _billus. _c23 cm |
||
| 490 | 1 | _aOxford myths and legends | |
| 650 | 0 |
_aTales _zWales |
|
| 650 | 0 | _aFolk Literature | |
| 830 | 0 | _aOxford myths and legends | |
| 942 |
_2ddc _cBK |
||